00767nam a22002057a 450000500170000001000150001702000260003203500140005803700140007208200150008610000370010124500800013825000060021826000340022427000800025830000200033894200260035899900190038495201580040320260212143127.0 aENG-147757 a9788199249448c750.00 aEN-131289 bDBADaDPL a307.77221 aKushwaha, Subhash Chandra987356 aBhil Revolt:bA Century and a Quater of Struggle/cSubhash Chandra Kushwaha a1 aNew DelhibNiyogi Booksc2025 aBlock D, Building No. 77, Okhla Industrial Area, Phase-IbNew Delhie110020 a428p.c23cm(hb) 2ddccENh307.772mKUS c214850d214850 001040708NFICaBL1bBL1d2026-02-12eDelivery of Books Act Divisiong750.00l0o307.772 KUSpEN-131289r2026-02-12 00:00:00t1v750.00w2026-02-12yEN